000 00590nam a2200205Ia 4500
001 14885
003 GE_BSU
008 181216s||||||||xx |||||||||||||| ||und||
040 _cGE_BSU
080 _a515.54+512.66
100 _aБасс, Х.
245 _aАлгебраическая К-теория.
245 _cпод. ред. Е.С.Голоба. пер.с английского А.В. Михалева
260 _aМосква
260 _bМир
260 _c1973
300 _a591 стр. 22см.
653 _aАлгебраическая к- теория.
942 _cBK
999 _c48005
_d48005